Concise text and manual of forensic medicine, medical law, and ethics in East Africa / (Record no. 5687)

000 -LEADER
fixed length control field 01148cam a22002775a 4500
001 - CONTROL NUMBER
control field 14241650
003 - CONTROL NUMBER IDENTIFIER
control field OSt
005 - DATE AND TIME OF LATEST TRANSACTION
control field 20220706123106.0
008 - FIXED-LENGTH DATA ELEMENTS--GENERAL INFORMATION
fixed length control field 060126s2005 ke a b 001 0 eng
010 ## - LIBRARY OF CONGRESS CONTROL NUMBER
LC control number 2006306114
020 ## - INTERNATIONAL STANDARD BOOK NUMBER
International Standard Book Number 9966710906
040 ## - CATALOGING SOURCE
Original cataloging agency DLC
Transcribing agency ALUPE UNIVERSITY
042 ## - AUTHENTICATION CODE
Authentication code lcode
050 ## - LIBRARY OF CONGRESS CALL NUMBER
Classification number RA1022
Item number .F67 2005
245 00 - TITLE STATEMENT
Title Concise text and manual of forensic medicine, medical law, and ethics in East Africa /
Statement of responsibility, etc. [editors], Dada M.A. ... [et al.].
246 30 - VARYING FORM OF TITLE
Title proper/short title Forensic medicine, medical law, and ethics in East Africa
260 ## - PUBLICATION, DISTRIBUTION, ETC.
Place of publication, distribution, etc. Nairobi :
Name of publisher, distributor, etc. Independent Medico-Legal Unit,
Date of publication, distribution, etc. c2005.
300 ## - PHYSICAL DESCRIPTION
Extent iv, 340 p. :
Other physical details col. ill. ;
Dimensions 25 cm.
500 ## - GENERAL NOTE
General note "With various contributors from East Africa; for judicial, legal, medical, and law enforcement officers, and all persons with interest in forensic medicine in East Africa"--Cover.
504 ## - BIBLIOGRAPHY, ETC. NOTE
Bibliography, etc. note Includes bibliographical references (p. 334) and index.
700 1# - ADDED ENTRY--PERSONAL NAME
Personal name Dada, Mahomed A.
710 2# - ADDED ENTRY--CORPORATE NAME
Corporate name or jurisdiction name as entry element Independent Medico-Legal Unit (Kenya)
906 ## - LOCAL DATA ELEMENT F, LDF (RLIN)
a 7
b ibc
c origode
d 2
e ncip
f 20
g y-gencatlg
942 ## - ADDED ENTRY ELEMENTS (KOHA)
Source of classification or shelving scheme
Koha item type Book
Suppress in OPAC AB
Holdings
Withdrawn status Lost status Source of classification or shelving scheme Damaged status Not for loan Permanent Location Current Location Shelving location Date acquired Source of acquisition Total Checkouts Full call number Barcode Date last seen Price effective from Koha item type Public note
          AU LIBRARY AU LIBRARY Open Shelf 08.06.2022 DONATION FROM MOI UNIVERSITY   RA1022 .F67 2005 28001723 08.06.2022 08.06.2022 Book AB

Powered by Koha